Music Quiz

Random Music Quiz

70s Top 10: #4 (audio) Quiz Stats

 Plays Quiz not verified by Sporcle

Challenge
Share
Tweet
Score 0/40 Timer 10:00
0 Plays Today
Time Title % Correct
0:33 - 0:39Proud Mary
91.3%
0:19 - 0:25All Right Now
90.3%
3:32 - 3:38We Are The Champions
88.3%
0:06 - 0:12Cecilia
85.4%
4:06 - 4:11Sultans Of Swing
83.5%
4:19 - 4:24Don't Bring Me Down
83.5%
2:39 - 2:45Take It To The Limit
82.5%
3:06 - 3:11Night Moves
82.5%
2:46 - 2:51Sara Smile
76.7%
0:13 - 0:18Ride Captain Ride
72.8%
3:12 - 3:18Feels Like The First Time
72.8%
0:53 - 0:58Sunshine
69.9%
1:32 - 1:38Higher Ground
69.9%
1:46 - 1:51Jungle Boogie
68.9%
2:59 - 3:05More, More, More (Part 1)
68.9%
1:59 - 2:04Rikki Don't Lose That Number
68%
0:26 - 0:32I Hear You Knocking
64.1%
3:25 - 3:31Baby, What A Big Surprise
60.2%
4:12 - 4:18Chuck E's In Love
60.2%
3:39 - 3:45Feels So Good
57.3%
Time Title % Correct
1:19 - 1:25Could It Be I'm Falling In Love
55.3%
0:46 - 0:52Got To Be There
50.5%
0:40 - 0:45Don't Pull Your Love
49.5%
2:19 - 2:25I'm Not Lisa
49.5%
1:26 - 1:31Ain't No Woman (Like The One I Got)
48.5%
1:12 - 1:18Nice To Be With You
47.6%
2:52 - 2:58Shop Around
44.7%
3:46 - 3:51Don't Look Back
40.8%
0:00 - 0:05Rainy Night In Georgia
39.8%
3:52 - 3:58I Just Wanna Stop
39.8%
2:05 - 2:11Beach Baby
38.8%
1:52 - 1:58The Show Must Go On
37.9%
3:59 - 4:05Heaven Knows
37.9%
2:32 - 2:38Mr. Jaws
36.9%
0:59 - 1:05Down By The Lazy River
35.9%
2:12 - 2:18Bad Time
34%
2:26 - 2:31Fight The Power (Part 1)
21.4%
1:39 - 1:45Space Race
19.4%
3:19 - 3:24It's Ecstasy When You Lay Down Next To Me
18.4%
1:06 - 1:11Look What You Done To Me
15.5%

You're not logged in!

Compare scores with friends on all Sporcle quizzes.
Join for Free
OR
Log In

You Might Also Like...

Show Comments

Extras

Created Sep 16, 2013SourceReportFavoriteNominate
Tags:1970s

Top Quizzes Today


Score Distribution

Your Account Isn't Verified!

In order to create a playlist on Sporcle, you need to verify the email address you used during registration. Go to your Sporcle Settings to finish the process.

Report this User

Report this user for behavior that violates our Community Guidelines.

Details: